<?xml version="1.0" encoding="UTF-8"?>
<collection xmlns="http://www.loc.gov/MARC21/slim">
 <record>
  <leader>01953nam a2200361 a 4500</leader>
  <controlfield tag="001">TVCDKTCT171</controlfield>
  <controlfield tag="003">Thư viện trường Cao đẳng Kỹ thuật Cao Thắng</controlfield>
  <controlfield tag="005">20221017094641.000</controlfield>
  <controlfield tag="008">050730</controlfield>
  <datafield tag="980" ind1="\" ind2="\">
   <subfield code="a">Thư viện Trường CĐ Kỹ Thuật Cao Thắng</subfield>
  </datafield>
  <datafield tag="024" ind1=" " ind2=" ">
   <subfield code="a">RG_1 #1 eb0 i1</subfield>
  </datafield>
  <datafield tag="041" ind1="0" ind2="#">
   <subfield code="a">vie</subfield>
  </datafield>
  <datafield tag="082" ind1="#" ind2="#">
   <subfield code="a">621.82 / </subfield>
   <subfield code="b">H407H-c</subfield>
  </datafield>
  <datafield tag="100" ind1="1" ind2="#">
   <subfield code="a">Hoàng Hồng</subfield>
  </datafield>
  <datafield tag="245" ind1="0" ind2="0">
   <subfield code="a">Chi tiết máy:Sách dùng cho các trường trung học chuyên nghiệp / </subfield>
   <subfield code="c">Hoàng Hồng, Nguyễn Thanh Xuyên, Ngô Minh Đức</subfield>
  </datafield>
  <datafield tag="250" ind1="#" ind2="#">
   <subfield code="a">In lần thứ 1</subfield>
  </datafield>
  <datafield tag="260" ind1="#" ind2="#">
   <subfield code="a">H. : </subfield>
   <subfield code="b">Đại học và trung học chuyên nghiệp , </subfield>
   <subfield code="c">1983</subfield>
  </datafield>
  <datafield tag="300" ind1="#" ind2="#">
   <subfield code="a">279tr. ; </subfield>
   <subfield code="c">20,5cm</subfield>
  </datafield>
  <datafield tag="650" ind1="#" ind2="4">
   <subfield code="a">Chi tiết máy</subfield>
  </datafield>
  <datafield tag="653" ind1="#" ind2="#">
   <subfield code="a">Principles and Elements of Machine</subfield>
  </datafield>
  <datafield tag="653" ind1="#" ind2="4">
   <subfield code="a">Mechanical Engineering Technology</subfield>
  </datafield>
  <datafield tag="700" ind1="0" ind2="#">
   <subfield code="a">Ngô Minh Đức</subfield>
  </datafield>
  <datafield tag="700" ind1="0" ind2="#">
   <subfield code="a">Nguyễn Thanh Xuyên</subfield>
  </datafield>
  <datafield tag="721" ind1="#" ind2="#">
   <subfield code="a">03. CNKT Cơ khí</subfield>
  </datafield>
  <datafield tag="721" ind1="#" ind2="#">
   <subfield code="a">04. CNKT Ô tô</subfield>
  </datafield>
  <datafield tag="721" ind1="#" ind2="#">
   <subfield code="a">06. CNKT Nhiệt lạnh</subfield>
  </datafield>
  <datafield tag="721" ind1="#" ind2="#">
   <subfield code="a">07. CNKT Cơ điện tử</subfield>
  </datafield>
  <datafield tag="721" ind1="#" ind2="#">
   <subfield code="a">08. CNKT Điều khiển và Tự động hóa</subfield>
  </datafield>
  <datafield tag="721" ind1="#" ind2="#">
   <subfield code="a">10. Cơ khí chế tạo (Cắt gọt kim loại)</subfield>
  </datafield>
  <datafield tag="721" ind1="#" ind2="#">
   <subfield code="a">11. Sửa chữa cơ khí (Nguội sửa chữa máy công cụ)</subfield>
  </datafield>
  <datafield tag="721" ind1="#" ind2="#">
   <subfield code="a">13.Kỹ thuật máy lạnh và điều hòa không khí</subfield>
  </datafield>
  <datafield tag="721" ind1="#" ind2="#">
   <subfield code="a">14. Bảo trì, sửa chữa ô tô (Công nghệ ô tô)</subfield>
  </datafield>
  <datafield tag="841" ind1="#" ind2="#">
   <subfield code="b">Kho Sách </subfield>
   <subfield code="j">100000638, 100000776, 100000777, 100000778, 100000779, 100000780, 100000786, 100000796, 100000798, 100000799, 100000800, 100000802, 100000803, 100000804, 100000805, 100000806, 100000808, 100000816, 100000817, 100000826, 100000827, 100001008, 100001009, 100001010, 100001011, 100001012, 100001013, 100001014, 100001015, 100001018, 100001019, 100001023, 100001056, 100001642, 100001660, 100001693, 100001695, 100001698, 100001724, 100010132</subfield>
  </datafield>
 </record>
</collection>
